| 000 | 00683nam a22002537a 4500 | ||
|---|---|---|---|
| 008 | 131202b xxu||||| |||| 00| 0 eng d | ||
| 020 | _a81-7111-099-4 | ||
| 024 | _cAvailable | ||
| 037 | _cAvailable | ||
| 040 |
_aMBSTU LIBRARY _dMBSTU LIBRARY |
||
| 082 |
_222 _a341.763 NEL |
||
| 100 | _aNelson, S. | ||
| 245 | _aLaw of injunctions. | ||
| 250 | _a3rd | ||
| 260 |
_aIndia _bLaw Publishers. _c1994 |
||
| 300 |
_a25 cm. _b1282 page _f1 _g25 cm. |
||
| 600 | _2Labour law. | ||
| 650 | _2Labour law. | ||
| 700 | _aNelson, S. | ||
| 270 |
_aIndia _bIndia _dIndia |
||
| 365 |
_b3239.00 _d3239.00 |
||
| 942 |
_2ddc _cBK |
||
| 999 |
_c919 _d919 |
||